Praktické dopady novely zákona č. 159/1999 Sb.na činnost cestovních kanceláří

Legislatívny rámec podnikania v oblasti činnosti cestovných kancelárií.

Gespeichert in:
Bibliographische Detailangaben
1. Verfasser: Doležalová, Martina, 1973-
Weitere Verfasser: Pachrová, Stanislava
Format: Buchkapitel
Sprache:Tschechisch
Schlagworte:
Tags: Tag hinzufügen
Keine Tags, Fügen Sie das erste Tag hinzu!

MARC

LEADER 00000naa a2200000 4500
001 0227111
005 20240502083609.8
041 0 |a cze 
044 |a CZ 
245 1 0 |a Praktické dopady novely zákona č. 159/1999 Sb.na činnost cestovních kanceláří  |c Martina Doležalová, Stanislava Pachrová 
520 |a Legislatívny rámec podnikania v oblasti činnosti cestovných kancelárií. 
610 2 0 |a zákony 
610 2 0 |a Česko 
610 2 0 |a kancelárie cestovné 
610 2 0 |a podnikanie 
610 2 0 |a ruch cestovný 
100 1 |a Doležalová, Martina, 1973- 
700 1 |a Pachrová, Stanislava